Nommez les 10 villes possédant la plus haute grande roue - Statistiques

Statistiques générales
  • Ce quiz a été pris 40 fois
  • Le résultat moyen est 4 sur 20
Statistiques - réponses
Hint Réponse % Correct
135 m Londres
88%
213 m Dubaï
39%
165 m Singapour
30%
Singapour
30%
Royaume-Uni
27%
Chine
24%
Chine
24%
Chine
24%
Chine
24%
Etats Unis
24%
Etats Unis
24%
168 m Las Vegas
18%
Australie
12%
Emirats Arabes Unis
12%
120 m Melbourne
6%
122 m Orlando
6%
120 m Tianjin
3%
120 m Changsha
0%
160 m Nanchang
0%
120 m Suzhou
0%
Aucun quiz correspondant
Distribution des résultats
% des personnes avec chaque résultat
Percentile par nombre de réponses
Votre historique - résultats
Vous n’avez pas pris ce quiz